Hija de la fortuna.
Guardat en:
| Autor principal: | |
|---|---|
| Format: | Llibre |
| Idioma: | espanyol |
| Publicat: |
New York, Estado Unidos de América:
Perennial,
1999.
|
| Matèries: | |
| Etiquetes: |
Afegir etiqueta
Sense etiquetes, Sigues el primer a etiquetar aquest registre!
|
MARC
| LEADER | 00000nam a22000007a 4500 | ||
|---|---|---|---|
| 003 | CL-VaPUC | ||
| 005 | 20241216164914.0 | ||
| 008 | 241210t1999 ||||| |||| 00| 0 spa d | ||
| 999 | |c 446230 |d 446228 | ||
| 020 | |a 0-06-093276-7 | ||
| 040 | |c Pontificia Universidad Católica de Valparaíso | ||
| 082 | |2 22 |a Ch863 ALL 1999 | ||
| 100 | |9 318389 |a Allende, Isabel, |d 1942- |e autora | ||
| 245 | |a Hija de la fortuna. | ||
| 260 | |a New York, Estado Unidos de América: |b Perennial, |c 1999. | ||
| 300 | |a 428 páginas. | ||
| 500 | |a c.1: Donación P.I.I.E. 2-12-2024. | ||
| 583 | |c 20241210 |k Yessy Sthefany Diaz Vidal | ||
| 650 | 0 | |9 265425 |a Novelas chilenas |x Búsqueda de oro, riqueza, etc. |y Siglo 20 | |
| 650 | 0 | |9 894523 |a Chilean literature |x Search for gold, wealth, etc. |y 20th century | |
| 942 | |2 ddc |c BK | ||
| 952 | |0 0 |1 0 |2 ddc |4 0 |6 CH_863_000000000000000_ALL_1999 |7 0 |8 A |9 598570 |a BIBGIM |b BIBGIM |d 2024-12-10 |e Donación |i 5663572 |o Ch863 ALL 1999 |p 5663572 |r 2025-01-15 |t 1 |w 2024-12-10 |y BK |k ELE | ||